000 00495nam a2200181Ia 4500
005 20250508163543.0
008 008 250505s9999 xx 000 0 hin d
037 _aBooks to be hide in OPAC
040 _aFEDL
_beng
_cFEDL
041 _ahin
_2hin
084 _a701, CHA/O
_qFEDL
100 _aChaturvedi Makhanlal
245 0 _aKala aur sahitya
260 _aDelhi, India
_bPrabhat Prakashan
_c1989
300 _a91p.
942 _cHB
_h701, CHA/O
999 _c1384040
_d1384040